Pound for Pound Boxers Right now - Statistics

General Stats
  • This quiz has been taken 260 times
    158 since last reset
  • The average score is 7 of 10
Answer Stats
Position Answer Weight Class Country % Correct
1 Saul Alvarez Super Middleweight Mexico
94%
4 Tyson Fury Heavyweight UK
92%
5 Oleksandr Usyk Heavyweight Ukraine
88%
2 Terence Crawford Welterweight USA
80%
7 Naoya Inoue Bantamweight Japan
73%
3 Dmitrii Bivol Light Heavyweight Russia
69%
10 Deontay Wilder Heavyweight USA
66%
8 Gennadiy Golovkin Middleweight Kazakstan
64%
6 Errol Spence Jr Welterweight USA
54%
9 Shakur Stevenson Super Featherweight USA
31%
No matching quizzes found
Score Distribution
Percent of People with Each Score
Percentile by Number Answered
Your Score History
You have not taken this quiz since the last reset